<?xml version="1.0" encoding="UTF-8"?>
<marc:record xmlns:marc="http://www.loc.gov/MARC21/slim">
   <marc:leader>00000nam a2200000 a 4500</marc:leader>
   <marc:datafield ind1="1" ind2=" " tag="100">
      <marc:subfield code="a">Mittermaier, Karl</marc:subfield>
      <marc:subfield code="4">aut</marc:subfield>
      <marc:subfield code="e">Verfasser/-in</marc:subfield>
   </marc:datafield>
   <marc:datafield ind1=" " ind2=" " tag="653">
      <marc:subfield code="a">Tiroler Geschichte</marc:subfield>
   </marc:datafield>
   <marc:datafield ind1=" " ind2=" " tag="653">
      <marc:subfield code="a">Monographie</marc:subfield>
   </marc:datafield>
   <marc:datafield ind1=" " ind2=" " tag="653">
      <marc:subfield code="a">von Unterrichter, Franz</marc:subfield>
   </marc:datafield>
   <marc:datafield ind1="0" ind2="0" tag="245">
      <marc:subfield code="a">Franz von Unterrichter</marc:subfield>
   </marc:datafield>
   <marc:datafield ind1="0" ind2="0" tag="245">
      <marc:subfield code="b">Eine politische Monographie des Tiroler Politikers in d</marc:subfield>
   </marc:datafield>
   <marc:datafield ind1="0" ind2="0" tag="245">
      <marc:subfield code="c">Karl Mittermaier</marc:subfield>
   </marc:datafield>
   <marc:datafield ind1=" " ind2="1" tag="264">
      <marc:subfield code="a">Brixen</marc:subfield>
      <marc:subfield code="b">Weger</marc:subfield>
      <marc:subfield code="c">1991</marc:subfield>
   </marc:datafield>
   <marc:datafield ind1="1" ind2=" " tag="520">
      <marc:subfield code="a">Der Streit zwischen Konservativen und Libera-&lt;br/&gt;len in Tirol entbrannte nicht erst in der  deutschen Nationalversammlung in Frankfurt,  an der auch die ersten demokratisch gewählten  Abgeordneten Tirols teilnahmen. Über dieses  Kapitel der Tiroler Geschichte ist bislang  schon mehrmals geforscht worden und das Er-&lt;br/&gt;gebnis als Publikation vorgelegt worden.  Dennoch ist die Kontroverse zwischen den  Klerikal-Konservativen und den Liberalen, vor  allem was die Frage der Religions- und  Kultusfreiheit im Jahre 1848/49 betrifft,  noch nicht ausreichend aufgearbeitet worden.  Franz Unterrichter stand zu dieser Zeit als  Vertreter der Liberalen, vielmehr noch als  Politiker des konservativ-liberalen  Spektrums, weitgehend allein im Spannunsfeld  der politischen Ideologie der Tiroler Politi-&lt;br/&gt;ker.&lt;br/&gt;Diese kleine politische Studie versucht, mit  neuen, bisher nicht ausgewerteten Quellen  diesem Phänomen nachzuspüren.&lt;br/&gt; </marc:subfield>
   </marc:datafield>
   <marc:datafield ind1=" " ind2=" " tag="020">
      <marc:subfield code="a">9788885831209</marc:subfield>
      <marc:subfield code="9">9788885831209</marc:subfield>
   </marc:datafield>
   <marc:datafield ind1=" " ind2=" " tag="041">
      <marc:subfield code="a">ger</marc:subfield>
   </marc:datafield>
   <marc:datafield ind1="1" ind2=" " tag="521">
      <marc:subfield code="a">0</marc:subfield>
   </marc:datafield>
   <marc:datafield ind1=" " ind2=" " tag="300">
      <marc:subfield code="a">123 S.</marc:subfield>
   </marc:datafield>
</marc:record>
